书目信息 |
| 题名: |
3DS MAX 7.0精彩创意100例详解
|
|
| 作者: | 王颖坤 , 李伟 编著 | |
| 分册: | ||
| 出版信息: | 西安 西安交通大学出版社 2005.07 |
|
| 页数: | 351页 | |
| 开本: | 26cm | |
| 丛书名: | 电脑艺术精彩创意实例详解丛书 | |
| 单 册: | ||
| 中图分类: | TP391.41 | |
| 科图分类: | ||
| 主题词: | 三维--san wei--动画--图形软件--3DS MAX 7.0 | |
| 电子资源: | ||
| ISBN: | 7-5605-1977-6 | |
| 000 | 01084nam 2200265 450 | |
| 001 | 010238893734 | |
| 005 | 20051111144749.45 | |
| 010 | @a7-5605-1977-6@dCNY32.80 (含光盘) | |
| 100 | @a20050730d2005 km y0chiy0120 ea | |
| 101 | 0 | @achi |
| 102 | @aCN@b610000 | |
| 105 | @aa z 000yy | |
| 200 | 1 | @a3DS MAX 7.0精彩创意100例详解@A3DS MAX 7.0 jing cai chuang yi 100 li xiang jie@f王颖坤, 李伟编著@Fwang ying kun,li wei bian zhu |
| 210 | @a西安@c西安交通大学出版社@d2005.07 | |
| 215 | @a351页@c图 (部分彩图)@d26cm@e光盘1片 | |
| 225 | 2 | @a电脑艺术精彩创意实例详解丛书@Adian nao yi shu jing cai chuang yi shi li xiang jie cong shu |
| 307 | @a光盘 ISBN : 7-900661-47-6 | |
| 330 | @a本书从100个实例向读者详细解释3DS MAX 7.0使用方法和技巧,特别在各种几何体及图形的创建、修改和材质的编辑方面做了详细的介绍。 | |
| 410 | 0 | @12001 @a电脑艺术精彩创意实例详解丛书 |
| 606 | 0 | @a三维@Asan wei@x动画@x图形软件@x3DS MAX 7.0 |
| 690 | @aTP391.41@v4 | |
| 701 | 0 | @a王颖坤@Awang ying kun@4编著 |
| 701 | 0 | @a李伟@Ali wei@4编著 |
| 801 | 0 | @aCN@bQSSK@c20051111 |
| 905 | @a10447@dTP391.41@eW433 | |
| 3DS MAX 7.0精彩创意100例详解/王颖坤, 李伟编著.-西安:西安交通大学出版社,2005.07 |
| 351页:图 (部分彩图);26cm+光盘1片.-(电脑艺术精彩创意实例详解丛书) |
| ISBN 7-5605-1977-6:CNY32.80 (含光盘) |
| 本书从100个实例向读者详细解释3DS MAX 7.0使用方法和技巧,特别在各种几何体及图形的创建、修改和材质的编辑方面做了详细的介绍。 |
| ● |
| 相关链接 |
|
|
|
正题名:3DS MAX 7.0精彩创意100例详解
索取号:TP391.41/W433
 
预约/预借
| 序号 | 登录号 | 条形码 | 馆藏地/架位号 | 状态 | 备注 |
| 1 | 577667 | 205776677 | 自科库301/301自科库 97排2列1层/ [索取号:TP391.41/W433] | 在馆 | |
| 2 | 577668 | 205776686 | 自科库301/ [索取号:TP391.41/W433] |
已借出,限还日期为2010.01.20 借出人:轩如意 |